[Event "Konakovo Chervonny op"]
[Site "Konakovo"]
[Date "2012.09.22"]
[Round "5"]
[White "Gulkov, Igor A"]
[Black "Medvedev, Vladimir"]
[Result "1-0"]
[WhiteElo "2355"]
[BlackElo "2099"]
[PlyCount "45"]
[EventDate "2012.09.20"]
[EventType "swiss"]
[EventRounds "7"]
[EventCountry "RUS"]
[SourceTitle "CBM 150 Extra"]
[Source "ChessBase"]
[SourceDate "2012.10.19"]
[SourceVersion "1"]
[SourceVersionDate "2012.10.19"]
[SourceQuality "1"]

1. Nf3 d6 2. d4 Nd7 3. c4 e5 4. Nc3 Ngf6 5. e4 Be7 6. Be2 0-0 7. 0-0 Re8 8. Re1 Bf8 9. Bf1 c6 10. d5 a5 11. b3 Nc5 12. Rb1 Qb6 13. a3 Ng4 14. Rb2 f5 15. exf5 Bxf5 16. h3 Nf6 17. Be3 cxd5 18. Nxd5 Qc6 19. Nxf6+ gxf6 20. Nh4 Be6 21. Qh5 d5 22. cxd5 Bxd5 23. Rc1 1-0

[Event "Moscow Region Spring-A"]
[Site "Serpukhov"]
[Date "2011.05.04"]
[Round "8"]
[White "Gabdrakipov, Ilshat"]
[Black "Medvedev, Vladimir"]
[Result "1-0"]
[WhiteElo "2170"]
[BlackElo "2101"]
[PlyCount "95"]
[EventDate "2011.04.30"]
[EventType "tourn"]
[EventRounds "9"]
[EventCountry "RUS"]
[SourceTitle "EXT 2022"]
[Source "ChessBase"]
[SourceDate "2021.10.06"]
[SourceVersion "1"]
[SourceVersionDate "2021.10.06"]
[SourceQuality "1"]

1. e4 g6 2. d4 Bg7 3. Nc3 c6 4. Bc4 d6 5. f4 Nf6 6. e5 dxe5 7. dxe5 Qxd1+ 8. Nxd1 Nd5 9. Ne2 Nd7 10. 0-0 N7b6 11. Bb3 Bg4 12. Ng3 Rd8 13. Nf2 Bc8 14. Nfe4 0-0 15. Bd2 h6 16. Rae1 Kh7 17. Nc5 Nc7 18. Bc1 Nbd5 19. f5 b6 20. Nd3 gxf5 21. Nxf5 Bxf5 22. Rxf5 e6 23. Rf3 f5 24. exf6 Rxf6 25. Rxf6 Bxf6 26. Ne5 c5 27. Nf7 Bd4+ 28. Kh1 Rf8 29. Nxh6 Be3 30. Ng4 Bxc1 31. Rxc1 Rf4 32. Bxd5 Nxd5 33. h3 Re4 34. c4 Rxg4 35. hxg4 Ne3 36. b3 Nxg4 37. g3 Kg6 38. Kg2 Ne3+ 39. Kf3 Nf5 40. Kf4 Kf6 41. Rf1 e5+ 42. Kf3 Ke6 43. g4 Nh6 44. Kg3 Nf7 45. Kh4 e4 46. Kg3 Nd6 47. Kf4 Kf6 48. Rd1 1-0

[Event "Moscow-ch sf"]
[Site "Moscow"]
[Date "2011.03.19"]
[Round "4"]
[White "Kachar, Vladimir"]
[Black "Medvedev, Vladimir"]
[Result "1-0"]
[WhiteElo "2288"]
[BlackElo "2101"]
[PlyCount "87"]
[EventDate "2011.03.13"]
[EventType "swiss"]
[EventRounds "9"]
[EventCountry "RUS"]
[SourceTitle "CBM 141 Extra"]
[Source "ChessBase"]
[SourceDate "2011.05.03"]
[SourceVersion "1"]
[SourceVersionDate "2011.05.03"]
[SourceQuality "1"]

1. d4 f5 2. Nf3 Nf6 3. g3 g6 4. b4 Bg7 5. Bb2 b6 6. Bg2 Bb7 7. c4 e6 8. 0-0 0-0 9. Qb3 h6 10. Rd1 a5 11. b5 Qe8 12. a4 d6 13. c5 Bd5 14. Qa3 dxc5 15. dxc5 Nbd7 16. cxb6 cxb6 17. Nc3 Bb7 18. Qa2 Rf7 19. Nd4 Bxg2 20. Kxg2 Nc5 21. Nc6 Nfd7 22. Nb1 Qf8 23. Nd2 f4 24. Nf3 fxg3 25. hxg3 Kh7 26. Bxg7 Qxg7 27. Qc2 Raf8 28. Rd4 e5 29. Rh4 Kg8 30. Rf1 g5 31. Rc4 h5 32. Qc3 Rf5 33. Qe3 Qf7 34. Rcc1 Qf6 35. Rcd1 Rf7 36. Rd5 Qe6 37. Rxc5 bxc5 38. Nd8 Qd5 39. Nxf7 Kxf7 40. Kg1 Kg6 41. Rc1 h4 42. Qd2 e4 43. g4 Qxd2 44. gxf5+ 1-0

[Event "Zhukovsky-A 02"]
[Site "Zhukovsky"]
[Date "2011.02.09"]
[Round "9"]
[White "Medvedev, Vladimir"]
[Black "Prishchepa, Igor"]
[Result "0-1"]
[WhiteElo "2126"]
[BlackElo "1831"]
[PlyCount "43"]
[EventDate "2011.02.09"]
[EventType "swiss"]
[EventRounds "9"]
[EventCountry "RUS"]
[SourceTitle "EXT 2022"]
[Source "ChessBase"]
[SourceDate "2021.10.06"]
[SourceVersion "1"]
[SourceVersionDate "2021.10.06"]
[SourceQuality "1"]

1. e4 c6 2. d4 d5 3. exd5 cxd5 4. Nf3 Nf6 5. Nc3 Nc6 6. Bb5 a6 7. Ba4 b5 8. Bb3 Bf5 9. 0-0 e6 10. Bg5 Be7 11. Re1 0-0 12. a4 b4 13. Ne2 Bg4 14. Ng3 Bxf3 15. gxf3 h6 16. Be3 Bd6 17. Qd2 Kh7 18. Qd3+ Kg8 19. Qd2 Ne7 20. Bxh6 gxh6 21. Qxh6 Ng6 22. h4 0-1

[Event "Zhukovsky-chA"]
[Site "Zhukovsky"]
[Date "2010.04.01"]
[Round "3"]
[White "Ibragimov, Ali"]
[Black "Medvedev, Vladimir"]
[Result "1/2-1/2"]
[WhiteElo "2082"]
[BlackElo "2139"]
[PlyCount "28"]
[EventDate "2010.04.01"]
[EventType "swiss"]
[EventRounds "9"]
[EventCountry "RUS"]
[SourceTitle "EXT 2022"]
[Source "ChessBase"]
[SourceDate "2021.10.06"]
[SourceVersion "1"]
[SourceVersionDate "2021.10.06"]
[SourceQuality "1"]

1. e4 c5 2. Nf3 e6 3. d4 cxd4 4. Nxd4 Nf6 5. Nc3 a6 6. Be2 Be7 7. 0-0 0-0 8. Bg5 d6 9. Qd2 Re8 10. Rfe1 Nc6 11. a4 Bd7 12. Rad1 Rc8 13. Nb3 Qc7 14. Kh1 h6 1/2-1/2

[Event "Zhukovsky op-A"]
[Site "Zhukovsky"]
[Date "2009.01.??"]
[Round "7"]
[White "Medvedev, Vladimir"]
[Black "Andreev, Gennadiy"]
[Result "0-1"]
[WhiteElo "2160"]
[BlackElo "2090"]
[PlyCount "60"]
[EventDate "2009.01.??"]
[EventType "swiss"]
[EventRounds "7"]
[EventCountry "RUS"]
[SourceTitle "EXT 2012"]
[Source "ChessBase"]
[SourceDate "2011.11.24"]
[SourceVersion "1"]
[SourceVersionDate "2011.11.24"]
[SourceQuality "1"]

1. d4 d5 2. Nf3 e6 3. Bg5 Be7 4. h4 h6 5. Bf4 Nf6 6. e3 0-0 7. Bd3 Ne4 8. Nbd2 f5 9. Ne5 Nd7 10. Ng6 Rf6 11. Nxe7+ Qxe7 12. g4 Nxd2 13. Kxd2 fxg4 14. c3 e5 15. dxe5 Nxe5 16. Kc2 Nxd3 17. Kxd3 Qe4+ 18. Kd2 Rxf4 19. exf4 Qxf4+ 20. Kc2 Bf5+ 21. Kb3 Qc4+ 22. Ka3 Qc5+ 23. Kb3 a5 24. a4 Qc4+ 25. Ka3 b5 26. Qb3 Qc5+ 27. Ka2 Bd3 28. Qa3 b4 29. cxb4 Bc4+ 30. b3 axb4 0-1

[Event "Moscow op-B 04th"]
[Site "Moscow"]
[Date "2008.02.09"]
[Round "8"]
[White "Maidanova, Irina"]
[Black "Medvedev, Vladimir"]
[Result "0-1"]
[WhiteElo "1871"]
[BlackElo "2136"]
[PlyCount "69"]
[EventDate "2008.02.02"]
[EventType "swiss"]
[EventRounds "9"]
[EventCountry "RUS"]
[SourceTitle "CBM 122 Extra"]
[Source "ChessBase"]
[SourceDate "2008.03.04"]
[SourceVersion "1"]
[SourceVersionDate "2008.03.04"]
[SourceQuality "1"]

1. e4 Nf6 2. e5 Nd5 3. d4 d6 4. Nf3 Bg4 5. Be2 e6 6. 0-0 Nc6 7. c4 Nb6 8. exd6 cxd6 9. b3 Be7 10. Bb2 0-0 11. Nc3 Bf6 12. Ne4 Be7 13. d5 exd5 14. cxd5 Bxf3 15. Bxf3 Ne5 16. Be2 f5 17. Nc3 Nbd7 18. f4 Qb6+ 19. Kh1 Nf7 20. Bd3 Nh6 21. Qe2 Qd8 22. Rf3 Nc5 23. Bc2 Bf6 24. b4 Re8 25. Re3 Na6 26. a3 Nc7 27. Re1 Rxe3 28. Qxe3 Qd7 29. Qd3 Re8 30. Re2 Re7 31. h3 Qe8 32. Ba4 Nf7 33. Qd1 a6 34. Bb3 Qc8 35. Bc4 0-1

[Event "Moscow op-B 04th"]
[Site "Moscow"]
[Date "2008.02.04"]
[Round "3"]
[White "Medvedev, Vladimir"]
[Black "Radjanets, Andrey"]
[Result "1-0"]
[WhiteElo "2136"]
[BlackElo "1957"]
[PlyCount "69"]
[EventDate "2008.02.02"]
[EventType "swiss"]
[EventRounds "9"]
[EventCountry "RUS"]
[SourceTitle "CBM 122 Extra"]
[Source "ChessBase"]
[SourceDate "2008.03.04"]
[SourceVersion "1"]
[SourceVersionDate "2008.03.04"]
[SourceQuality "1"]

1. d4 g6 2. e4 d6 3. f4 e6 4. Nf3 Bg7 5. Bd3 Ne7 6. 0-0 Nd7 7. c3 0-0 8. f5 exf5 9. exf5 Nf6 10. fxg6 fxg6 11. Qb3+ d5 12. Ne5 b6 13. Bg5 c5 14. Nd2 Be6 15. Qd1 Bf5 16. Ndf3 Rc8 17. Nh4 Bxd3 18. Qxd3 Qd6 19. Rae1 Ne4 20. Bxe7 Qxe7 21. Rxe4 c4 22. Rxf8+ Rxf8 23. Qe2 dxe4 24. Qxc4+ Rf7 25. Nxf7 Qxf7 26. Qxf7+ Kxf7 27. Kf2 Ke6 28. g3 Kd5 29. b3 b5 30. Ng2 a5 31. Nf4+ Kd6 32. Ke3 g5 33. Nh5 Bf8 34. Kxe4 Ke6 35. g4 1-0

[Event "Zhukovsky Elo-B"]
[Site "Zhukovsky"]
[Date "2008.01.05"]
[Round "4"]
[White "Medvedev, Vladimir"]
[Black "Kukushkin, Sergey"]
[Result "1-0"]
[WhiteElo "2182"]
[BlackElo "2099"]
[PlyCount "77"]
[EventDate "2008.01.02"]
[EventType "tourn"]
[EventRounds "9"]
[EventCountry "RUS"]
[SourceTitle "EXT 2010"]
[Source "ChessBase"]
[SourceDate "2010.11.25"]
[SourceVersion "1"]
[SourceVersionDate "2010.11.25"]
[SourceQuality "1"]

1. d4 Nf6 2. Bg5 e6 3. Nf3 Be7 4. e3 Nc6 5. c3 b6 6. Bd3 Bb7 7. Nbd2 h6 8. Bf4 Nh5 9. Bg3 Bf6 10. e4 Nxg3 11. fxg3 e5 12. d5 Ne7 13. Nc4 Ng6 14. Ne3 0-0 15. 0-0 d6 16. h4 Re8 17. Bb5 Rf8 18. Nh2 a6 19. Be2 Bc8 20. Bg4 Be7 21. Bxc8 Rxc8 22. Nf5 c6 23. Qg4 Bf6 24. h5 Ne7 25. Nxh6+ Kh7 26. Nf5 cxd5 27. exd5 b5 28. Nxe7 Qxe7 29. Qf5+ Kg8 30. h6 Bg5 31. hxg7 Kxg7 32. Rae1 Rh8 33. Re4 Rc4 34. Rxc4 bxc4 35. Ng4 Rh5 36. Rf2 e4 37. Re2 Qa7+ 38. Nf2 Be3 39. Qxh5 1-0

[Event "Zhukovsky op"]
[Site "Zhukovsky"]
[Date "2008.??.??"]
[Round "6"]
[White "Medvedev, Vladimir"]
[Black "Andreev, Gennadiy"]
[Result "1-0"]
[WhiteElo "2182"]
[BlackElo "2058"]
[PlyCount "81"]
[EventDate "2008.08.22"]
[EventType "swiss"]
[EventRounds "9"]
[EventCountry "RUS"]
[SourceTitle "CBM 126 Extra"]
[Source "ChessBase"]
[SourceDate "2008.11.05"]
[SourceVersion "1"]
[SourceVersionDate "2008.11.05"]
[SourceQuality "1"]

1. d4 f5 2. Nc3 Nf6 3. Bg5 e6 4. g4 h6 5. Bxf6 Qxf6 6. gxf5 Bb4 7. fxe6 0-0 8. Nf3 d5 9. Qd3 Bxe6 10. 0-0-0 c5 11. Rg1 Bf5 12. Nxd5 Qe6 13. Qb3 Nc6 14. Nxb4 Qxb3 15. axb3 Nxb4 16. c3 Na6 17. dxc5 Nxc5 18. Nd4 Bh7 19. f3 a5 20. e4 Kh8 21. Bc4 Bg8 22. Bxg8 Kxg8 23. Rg6 Rf6 24. Rxf6 gxf6 25. Rg1+ Kf7 26. Kc2 Re8 27. Nf5 Rd8 28. Rg7+ Kf8 29. Rc7 Nd3 30. Nd4 Ne1+ 31. Kb1 Rb8 32. Rh7 Kg8 33. Rxh6 Kg7 34. Nf5+ Kf7 35. Rh7+ Kg6 36. Rg7+ Kh5 37. Nd4 Nd3 38. Kc2 Nf4 39. Kd2 Ng6 40. Rh7+ Kg5 41. Ne6# 1-0

[Event "Zhukovsky op"]
[Site "Zhukovsky"]
[Date "2008.??.??"]
[Round "3"]
[White "Orekhovsky, Vasily"]
[Black "Medvedev, Vladimir"]
[Result "0-1"]
[WhiteElo "2029"]
[BlackElo "2182"]
[PlyCount "84"]
[EventDate "2008.08.22"]
[EventType "swiss"]
[EventRounds "9"]
[EventCountry "RUS"]
[SourceTitle "CBM 126 Extra"]
[Source "ChessBase"]
[SourceDate "2008.11.05"]
[SourceVersion "1"]
[SourceVersionDate "2008.11.05"]
[SourceQuality "1"]

1. e4 c5 2. Nf3 d6 3. d4 cxd4 4. Nxd4 a6 5. Nc3 e5 6. Nb3 Nf6 7. Be2 Be7 8. 0-0 0-0 9. Be3 Nc6 10. f4 exf4 11. Bxf4 Ne5 12. Bxe5 dxe5 13. Bf3 Be6 14. Qxd8 Rfxd8 15. Rad1 Kf8 16. Na4 Rxd1 17. Rxd1 Rc8 18. Rd2 g5 19. g3 g4 20. Bg2 Nd7 21. a3 Bg5 22. Re2 Bc4 23. Re1 Bxb3 24. cxb3 Rc1 25. Kf2 Rxe1 26. Kxe1 Ke7 27. h4 Be3 28. Nc3 Bd4 29. b4 Ke6 30. Ke2 Nf6 31. Nd1 Nh5 32. b3 Nxg3+ 33. Kd3 b6 34. Ne3 Nh5 35. Bf1 g3 36. Ng2 f5 37. Be2 Nf6 38. exf5+ Kxf5 39. Ne3+ Bxe3 40. Kxe3 e4 41. Bf1 Nd5+ 42. Kd4 Nf4 0-1

[Event "Zhukovsky op"]
[Site "Zhukovsky"]
[Date "2008.??.??"]
[Round "5"]
[White "Zhukovsky, Viacheslav"]
[Black "Medvedev, Vladimir"]
[Result "1-0"]
[WhiteElo "2074"]
[BlackElo "2182"]
[PlyCount "95"]
[EventDate "2008.08.22"]
[EventType "swiss"]
[EventRounds "9"]
[EventCountry "RUS"]
[SourceTitle "CBM 126 Extra"]
[Source "ChessBase"]
[SourceDate "2008.11.05"]
[SourceVersion "1"]
[SourceVersionDate "2008.11.05"]
[SourceQuality "1"]

1. Nf3 f5 2. e4 fxe4 3. Ng5 Nf6 4. d3 exd3 5. Bxd3 e5 6. Nxh7 e4 7. Nxf6+ Qxf6 8. Bxe4 Bc5 9. Qe2 Kd8 10. Nc3 c6 11. Qf3 d5 12. Qxf6+ gxf6 13. Bd3 Bd6 14. h3 Bg4 15. Be3 Nd7 16. Kd2 Be6 17. Rae1 Bf7 18. Bf5 c5 19. Nb5 Bf8 20. Bf4 d4 21. Nd6 Bxd6 22. Bxd6 c4 23. Re7 Be8 24. Rhe1 Rc8 25. c3 Rc6 26. Ba3 d3 27. R1e4 Nc5 28. Re3 a5 29. Rg7 Rh5 30. g4 Rg5 31. Rh7 Bd7 32. Rh8+ Kc7 33. Re7 Rxf5 34. gxf5 Na6 35. h4 b5 36. Rhh7 Nb8 37. h5 Rb6 38. Bc5 Rc6 39. Be3 b4 40. Bf4+ Kb6 41. Bxb8 Bxf5 42. Rb7+ Kc5 43. Rhc7 bxc3+ 44. Kxc3 Be4 45. Rxc6+ Bxc6 46. Rc7 Kb5 47. Rxc6 Kxc6 48. h6 1-0